Correct V2 - Statistics

General Stats
  • This quiz has been taken 32 times
  • The average score is 9 of 15
Answers on the Grid
Answers color-coded by a green-red scale on the quiz's grid according to % correct below.
played
buyed
eated
ate
thinked
thought
cake
flew
flied
gaved
goed
went
want
watched
used
runned
talk
sayed
said
sad
spoke
did
had
has
read
canceled
designed
leted
closed
drived
 
Answer Stats
Answer % Correct
flew
73%
read
73%
said
73%
closed
67%
had
67%
thought
67%
ate
60%
canceled
60%
used
60%
designed
53%
did
53%
played
53%
watched
53%
went
53%
spoke
40%
No matching quizzes found
Score Distribution
Percent of People with Each Score
Percentile by Number Answered
Your Score History
You have not taken this quiz